00995nab a22002297a 4500003000400000005001700004008004100021040000700062100003500069245009200104260004200196300001200238500003700250505013900287505008900426650002000515650002400535650002700559650003900586650002500625773011500650OSt20260213101225.0190506c xxu||||| |||| 00| 0 spa d cPJ aSotullo Piñeiro, Matías H.10aCálculos del art. 12 de la LRT : bderribando mitos /cMatías H. Sotullo Piñeiro. aBuenos Aires :bAbeledoPerrot,c2023. ap. 5-11 aCita: TR LALEY AR/DOC/1203/2023. aSumario: I. Introducción.— II. ¿Como calculamos el IBM?— III. Aplicación del art. 770 del Cód. Civ. y Com.—IV. Colofón. t¿Te interesa el texto completo? Comunicate al correo: koha@justierradelfuego.gov.ar 0aDERECHO LABORAL 0aRIESGOS DEL TRABAJO 0aENFERMEDAD PROFESIONAL 0aASEGURADOR POR RIESGOS DEL TRABAJO 0aCOMISIONES MÉDICAS0 02751dBuenos Aires : AbeledoPerrot, 2013-tRevista de derecho laboral y seguridad social. Nº 13 - Julio 2023